00595nam a2200169Ia 4500008004100000020002200041041000800063082001400071100001700085245005500102250001000157260003500167300000900202906001300211999002100224952018000245250602s2025 xx 000 0 und d a978-93-341-0604-6 aeng a657.2/MAH aMahekar, V B aAdvanced Cost AccountancybM.Com. I, Sem- I, P- II a1 Ed. aKolhapurbMS Publicationc2025 a112p aCOMMERCE c1210151d1210151 00104070aPKSbPKSd2025-05-08eBharati Madyavarti Sahakari Grahak Bhandar, Pune (Best Book Supllier, Kolhapur)l0o657.2/MAHpPKS-24867r2025-06-02 00:00:00w2025-06-02yBK